| 000 | 01497cam a2200229 4500 | ||
|---|---|---|---|
| 001 | L135917 | ||
| 008 | 061218n2006 000 0 eng u | ||
| 035 | _a(Sirsi) u135917 | ||
| 041 | 0 | _aeng | |
| 110 | 1 |
_aUnited Kingdom _kLaws, etc _95044 |
|
| 245 | 0 | 4 | _aThe Housing (Empty Dwelling Management Orders) (Prescribed Exceptions and Requirements) (Wales) Order 2006 |
| 260 |
_aLondon _bTSO _c2006 |
||
| 490 |
_aWelsh Statutory Instrument _b2006 _c2823 |
||
| 520 | _aChapter 2 of Part 4 of the Housing Act 2004 ("the Act") deals with the making of interim and final empty dwelling management orders (EDMOs) which may be made by a local housing authority in respect of dwellings which are wholly unoccupied. Article 2 of this Order prescribes the exceptions for the purposes of a residential property tribunal's authorisation. Article 3 of this Order prescribes the additional requirements that a local housing authority must comply with when making an application to a residential property tribunal for authorisation of an interim EDMO. | ||
| 590 | _aKA | ||
| 650 | 2 | 4 | _aEMPTY DWELLING MANAGEMENT ORDERS |
| 650 | 2 | 4 | _aHOUSING ACT 2004 PART IV |
| 650 | 2 | 4 | _aHOUSING (EMPTY DWELLING MANAGEMENT ORDERS) (PRESCRIBED EXCEPTIONS AND REQUIRMENTS) (WALES) ORDER 2006 |
| 690 | _aPROPERTY-RESIDENTIAL PROPERTY-RESIDENTIAL PROPERTY MANAGEMENT | ||
| 856 | 4 | 0 |
_uhttps://www.opsi.gov.uk/legislation/wales/wsi2006/20062823e.htm _zView this Statutory Instrument free of charge at www.opsi.gov.uk |
| 942 | _n0 | ||
| 999 |
_c106241 _d106241 |
||